000 01618nam a2200241Ia 4500
003 PE SENCICO BE
005 20251020182433.0
008 200515s9999 xx 000 0 und d
040 _aPE SENCICO BE
_cPE SENCICO BE
041 _aspa
082 _a370.15
_bA88
100 1 _aAusubel, David P.
_92679
_eautor
245 1 0 _aPsicología educativa :
_bun punto de vista cognoscitivo /
_cDavid P. Ausubel
250 _a1a ed.
260 _aMéxico, D.F. :
_bTrillas ;
_c1976
300 _a769 p. :
_c22 cm.
505 0 _aLa función y los alcances de la psicología educativa -- Significado y aprendizaje significativo -- Retención y aprendizaje significativo por recepción -- Estructura cognoscitiva y transferencia -- Desarrollo cognoscitivo -- La capacidad intelectual -- Providencias que se toman respecto a las diferencias individuales de capacidad intelectual -- La práctica -- Materiales didácticos -- Factores motivacionales del aprendizaje -- Factores de la personalidad en el aprendizaje -- Factores de grupo y sociales del aprendizaje -- Características del profesor -- El aprendizaje por descubrimiento -- La adquisición y el uso de conceptos -- Solución de problemas y creatividad -- Principios de la medición y la evaluación
520 3 _aIncluye teorías, testimonios, problemas y temas psicológicos de interés directo para el estudioso de la educación y para el futuro maestro, que actuarán en las aulas como facilitadores del aprendizaje escolar.
650 1 0 _aPsicología de la educación
_92680
650 2 0 _aEducación
_92279
650 2 0 _aAprendizaje
_92282
942 _cLIB
_2ddc
999 _c309
_d309